[Event "Titled Tuesday intern op 14th Dec"]
[Site "Chess.com INT"]
[Date "2021.12.14"]
[Round "6"]
[White "Yi, Richard"]
[Black "Turner, Max N"]
[Result "0-1"]
[WhiteElo "2130"]
[BlackElo "2223"]
[PlyCount "38"]
[EventDate "2021.12.14"]
[EventType "swiss (blitz)"]
[EventRounds "11"]
[EventCountry "USA"]
[SourceTitle "EXT 2023"]
[Source "ChessBase"]
[SourceDate "2022.10.05"]
[SourceVersion "1"]
[SourceVersionDate "2022.10.05"]
[SourceQuality "1"]

1. d4 Nf6 2. c4 e6 3. Nc3 Bb4 4. Qc2 0-0 5. Nf3 b6 6. e4 d6 7. Bd3 Nbd7 8. e5 dxe5 9. dxe5 Ng4 10. Bxh7+ Kh8 11. Bg5 f6 12. Qe4 Ndxe5 13. Qxa8 Kxh7 14. Be3 Nxe3 15. fxe3 Qd3 16. Kf2 Ng4+ 17. Kg3 Bd6+ 18. Kh3 Nf2+ 19. Kh4 g5+ 0-1

[Event "Titled Tuesday intern op 23rd Nov"]
[Site "Chess.com INT"]
[Date "2021.11.23"]
[Round "4"]
[White "Yi, Richard"]
[Black "Samadov, Read"]
[Result "0-1"]
[WhiteElo "2130"]
[BlackElo "2375"]
[PlyCount "60"]
[EventDate "2021.11.23"]
[EventType "swiss (blitz)"]
[EventRounds "11"]
[EventCountry "USA"]
[SourceTitle "CBM 205 Extra"]
[Source "ChessBase"]
[SourceDate "2022.01.31"]
[SourceVersion "1"]
[SourceVersionDate "2022.01.31"]
[SourceQuality "1"]

1. d4 Nf6 2. c4 e6 3. Nc3 Bb4 4. Qc2 d5 5. a3 Bxc3+ 6. Qxc3 0-0 7. Nf3 b6 8. Bg5 dxc4 9. Qxc4 Ba6 10. Qa4 h6 11. Bxf6 Qxf6 12. e3 Bxf1 13. Rxf1 c5 14. Ne5 Rd8 15. Rd1 cxd4 16. Rxd4 Rc8 17. Nf3 Nc6 18. Rd2 Na5 19. Qd4 Qg6 20. Rd1 Qxg2 21. Rg1 Nb3 22. Qe5 Nd2 23. Rxd2 Rc1+ 24. Ke2 Rxg1 25. Nxg1 Qxg1 26. Qe4 Rc8 27. Rd1 Qg5 28. Qb7 Rc2+ 29. Rd2 Qg4+ 30. Ke1 Rc1+ 0-1

[Event "Titled Tuesday intern op 16th Nov"]
[Site "Chess.com INT"]
[Date "2021.11.16"]
[Round "2"]
[White "Yi, Richard"]
[Black "Strybuk, Artsiom I"]
[Result "0-1"]
[WhiteElo "2130"]
[BlackElo "2231"]
[PlyCount "84"]
[EventDate "2021.11.16"]
[EventType "swiss (blitz)"]
[EventRounds "11"]
[EventCountry "USA"]
[SourceTitle "CBM 205 Extra"]
[Source "ChessBase"]
[SourceDate "2022.01.31"]
[SourceVersion "1"]
[SourceVersionDate "2022.01.31"]
[SourceQuality "1"]

1. d4 Nf6 2. c4 g6 3. Nc3 d5 4. Bf4 Bg7 5. e3 0-0 6. Rc1 Be6 7. c5 c6 8. b4 a5 9. b5 b6 10. Nf3 bxc5 11. dxc5 Nbd7 12. bxc6 Nxc5 13. c7 Qc8 14. Nd4 Nh5 15. Nxd5 Bxd5 16. Rxc5 Nxf4 17. exf4 Bxa2 18. Nc6 Qxc7 19. Qe2 Be6 20. Qe3 Rfc8 21. Bb5 Kf8 22. 0-0 Qb6 23. Rfc1 a4 24. f5 gxf5 25. Qg5 Bf6 26. Qh6+ Kg8 27. g4 Rxc6 28. Bxc6 Rd8 29. gxf5 Bc8 30. R5c4 Bxf5 31. Bxa4 Bg6 32. h4 Bg7 33. Qg5 Qf6 34. Qg3 h5 35. Rc8 Rxc8 36. Rxc8+ Kh7 37. Bd1 Qa1 38. Rd8 e6 39. Kg2 Bf6 40. Rd3 Bxd3 41. Qxd3+ Kg7 42. Qg3+ Kf8 0-1

[Event "Titled Tuesday intern op 09th Nov"]
[Site "Chess.com INT"]
[Date "2021.11.09"]
[Round "2"]
[White "Yi, Richard"]
[Black "Bortnyk, Olexandr"]
[Result "0-1"]
[WhiteElo "2130"]
[BlackElo "2604"]
[PlyCount "89"]
[EventDate "2021.11.09"]
[EventType "swiss (blitz)"]
[EventRounds "11"]
[EventCountry "USA"]
[SourceTitle "CBM 205 Extra"]
[Source "ChessBase"]
[SourceDate "2022.01.31"]
[SourceVersion "1"]
[SourceVersionDate "2022.01.31"]
[SourceQuality "1"]

1. d4 Nf6 2. c4 d6 3. Nc3 g6 4. e4 Bg7 5. f3 0-0 6. Bg5 c6 7. Qd2 Re8 8. Bd3 Na6 9. Nge2 e5 10. d5 Nc5 11. Bc2 a5 12. g4 Qb6 13. 0-0-0 Qa6 14. dxc6 bxc6 15. Qxd6 Ne6 16. Be3 Qxc4 17. Bd3 Qb4 18. Qxc6 Bd7 19. Qb6 Reb8 20. Qxb4 axb4 21. Nd5 Rxa2 22. Bc4 b3 23. Kb1 Nxd5 24. exd5 Nf4 25. Bxb3 Rxb3 26. Kxa2 Rxe3 27. Nxf4 exf4 28. Rhe1 Rxf3 29. Re7 Ba4 30. Rd2 Bb3+ 31. Ka3 Bxd5+ 32. Ka4 Bb3+ 33. Ka5 Bf6 34. Rb7 Be6 35. b4 Ra3+ 36. Kb5 f3 37. Rf2 Bxg4 38. Kc6 Bh4 39. Rf1 Bh3 40. Rc1 f2 41. b5 f1Q 42. Rxf1 Bxf1 43. b6 Bg2+ 44. Kc7 Bxb7 45. Kxb7 0-1

[Event "Titled Tuesday intern op 26th Oct"]
[Site "Chess.com INT"]
[Date "2021.10.26"]
[Round "4"]
[White "Demidov, Mikhail"]
[Black "Yi, Richard"]
[Result "1-0"]
[WhiteElo "2551"]
[BlackElo "2130"]
[PlyCount "91"]
[EventDate "2021.10.26"]
[EventType "swiss (blitz)"]
[EventRounds "11"]
[EventCountry "USA"]
[SourceTitle "CBM 204 Extra"]
[Source "ChessBase"]
[SourceDate "2021.11.30"]
[SourceVersion "1"]
[SourceVersionDate "2021.11.30"]
[SourceQuality "1"]

1. Nf3 g6 2. e4 d6 3. d4 Nf6 4. Nc3 Bg7 5. Be3 c6 6. Qd2 b5 7. Bd3 Nbd7 8. Bh6 Bxh6 9. Qxh6 Qb6 10. e5 dxe5 11. dxe5 Qxf2+ 12. Kxf2 Ng4+ 13. Kg3 Nxh6 14. Rhe1 Nc5 15. Nd4 Nxd3 16. cxd3 Nf5+ 17. Nxf5 Bxf5 18. d4 0-0-0 19. Red1 Rd7 20. Kf4 Rhd8 21. Ke3 Kb7 22. Rac1 a6 23. h3 h5 24. a3 f6 25. exf6 exf6 26. Rd2 c5 27. Rcd1 cxd4+ 28. Rxd4 Rxd4 29. Rxd4 Rxd4 30. Kxd4 Kc6 31. h4 g5 32. g3 Kd6 33. Nd5 gxh4 34. gxh4 Bg4 35. Nxf6 Bf3 36. Ke3 Bd1 37. Kf4 Kc5 38. Kg5 b4 39. Nxh5 b3 40. Nf6 Kd4 41. Ng4 Bc2 42. Kf4 Bg6 43. Ne5 Be8 44. a4 a5 45. Kf5 Bh5 46. Nc6+ 1-0

[Event "Titled Tuesday intern op 26th Oct"]
[Site "Chess.com INT"]
[Date "2021.10.26"]
[Round "5"]
[White "Yi, Richard"]
[Black "Bayo Milagro, Alvaro"]
[Result "1-0"]
[WhiteElo "2130"]
[BlackElo "2241"]
[PlyCount "69"]
[EventDate "2021.10.26"]
[EventType "swiss (blitz)"]
[EventRounds "11"]
[EventCountry "USA"]
[SourceTitle "CBM 204 Extra"]
[Source "ChessBase"]
[SourceDate "2021.11.30"]
[SourceVersion "1"]
[SourceVersionDate "2021.11.30"]
[SourceQuality "1"]

1. e4 e5 2. Nf3 Nc6 3. Bc4 Nf6 4. d3 Bc5 5. 0-0 d6 6. c3 a5 7. Nbd2 0-0 8. Re1 Be6 9. Bb5 Qb8 10. Nf1 Qa7 11. Be3 Bxe3 12. Nxe3 Ne7 13. Ba4 c6 14. Bc2 a4 15. d4 Ng6 16. Nf5 Rfd8 17. Qd2 a3 18. b3 Qa5 19. Rad1 exd4 20. N3xd4 d5 21. e5 Ne4 22. Bxe4 dxe4 23. Qe3 Qxe5 24. f4 Qxf4 25. Ne7+ Nxe7 26. Qxf4 Nd5 27. Qg3 Bd7 28. Rxe4 Nf6 29. Re7 Be8 30. Rde1 c5 31. Nf5 g6 32. Nh6+ Kg7 33. Ng4 Nd5 34. Qe5+ Kf8 35. Qh8# 1-0

[Event "Titled Tuesday intern op 26th Oct"]
[Site "Chess.com INT"]
[Date "2021.10.26"]
[Round "1"]
[White "Yi, Richard"]
[Black "Johnson, Ben"]
[Result "1-0"]
[WhiteElo "2130"]
[BlackElo "2118"]
[PlyCount "107"]
[EventDate "2021.10.26"]
[EventType "swiss (blitz)"]
[EventRounds "11"]
[EventCountry "USA"]
[SourceTitle "CBM 204 Extra"]
[Source "ChessBase"]
[SourceDate "2021.11.30"]
[SourceVersion "1"]
[SourceVersionDate "2021.11.30"]
[SourceQuality "1"]

1. d4 Nf6 2. c4 e6 3. Nc3 Bb4 4. Qc2 0-0 5. Nf3 d5 6. cxd5 exd5 7. Bg5 h6 8. Bxf6 Qxf6 9. e3 Bf5 10. Qb3 Bxc3+ 11. bxc3 Qb6 12. Be2 c6 13. 0-0 Nd7 14. c4 Qxb3 15. axb3 Nb6 16. Ra2 f6 17. Rfa1 a6 18. Ne1 Be6 19. c5 Nc8 20. b4 Na7 21. Nd3 Rae8 22. h4 Nb5 23. Rc2 Bf5 24. Kf1 Re7 25. Rcc1 Bxd3 26. Bxd3 f5 27. g3 g5 28. hxg5 hxg5 29. Bxb5 axb5 30. Ke2 f4 31. gxf4 gxf4 32. Rg1+ Rg7 33. Rxg7+ Kxg7 34. Ra7 fxe3 35. Rxb7+ Kf6 36. Kxe3 Rc8 37. Kf4 Ke6 38. Rh7 Rf8+ 39. Ke3 Rg8 40. Rh6+ Kd7 41. Rh7+ Ke6 42. Rh6+ Kd7 43. f3 Ra8 44. Rh7+ Ke6 45. Rc7 Kf5 46. Rxc6 Ra3+ 47. Kf2 Rb3 48. Rd6 Kf4 49. Rf6+ Kg5 50. Rd6 Kf4 51. Rxd5 Rxf3+ 52. Ke2 Rb3 53. c6 Rc3 54. Rc5 1-0

[Event "Titled Tuesday intern op 19th Oct"]
[Site "Chess.com INT"]
[Date "2021.10.19"]
[Round "4"]
[White "Leitao, Rafael Duailibe"]
[Black "Yi, Richard"]
[Result "1-0"]
[WhiteElo "2592"]
[BlackElo "2130"]
[PlyCount "71"]
[EventDate "2021.10.19"]
[EventType "swiss (blitz)"]
[EventRounds "11"]
[EventCountry "USA"]
[SourceTitle "CBM 204 Extra"]
[Source "ChessBase"]
[SourceDate "2021.11.30"]
[SourceVersion "1"]
[SourceVersionDate "2021.11.30"]
[SourceQuality "1"]

1. c4 Nf6 2. Nc3 d5 3. cxd5 Nxd5 4. g3 e5 5. Bg2 Nb6 6. d3 Be7 7. Nf3 Nc6 8. 0-0 Be6 9. a3 a5 10. Be3 0-0 11. Rc1 a4 12. Bxb6 cxb6 13. Nxa4 e4 14. Ne1 Bg5 15. Rb1 Nd4 16. b4 exd3 17. Nxd3 Rxa4 18. Qxa4 Nxe2+ 19. Kh1 Qxd3 20. Qd1 Qxd1 21. Rbxd1 Bc4 22. Rfe1 Ra8 23. Bxb7 Rxa3 24. Bd5 Ba6 25. Ra1 Bd2 26. Rxa3 Bxe1 27. Rxa6 g5 28. Rxb6 Bxf2 29. Rf6 Be3 30. Rxf7 Kh8 31. Re7 Nc3 32. Rxe3 Nxd5 33. Rb3 Nb6 34. b5 Kg7 35. Rc3 Kf6 36. Rc6+ 1-0